| 000 | 00563nam a2200205Ia 4500 | ||
|---|---|---|---|
| 003 | GCL | ||
| 008 | 140319s9999 xx 000 0 eng d | ||
| 040 |
_aGCL / _cGCL |
||
| 082 | 0 | 4 |
_a612.82 _bK W |
| 100 | 1 | _aKASSLYN, STEPHEN MICHAEL | |
| 245 | 1 | 0 |
_aWET MIND: THENEWCOPNITIVE / _cKASSLYN, STEPHEN MICHAEL |
| 700 | 1 | _aKOENING,OLIVIER | |
| 260 |
_a[S.N] : _bTHE FREE PRESS ، _c1992 |
||
| 300 | _a548 | ||
| 650 | 0 | 4 | _aCOGNITION NEUROSCIENCE |
| 650 | 0 | 4 | _aBRAIN - PHYSIOLOGY |
| 650 | 0 | 4 | _aCOGNITION PHYSIOLOGY |
| 650 | 0 | 4 | _aNEURO-PHYSIOLOGY |
| 942 |
_2ddc _cBK |
||
| 999 |
_c22582 _d22582 |
||